| 000 | 00550nam a2200181Ia 4500 | ||
|---|---|---|---|
| 999 |
_c1637 _d1637 |
||
| 003 | OSt | ||
| 005 | 20200925140853.0 | ||
| 008 | 190216s9999||||xx |||||||||||||| ||und|| | ||
| 020 | _a9780070583207 | ||
| 040 | _coclc | ||
| 082 |
_a570.285 _bBAL/B |
||
| 100 |
_aBal, Harshawardhan P _95018 |
||
| 245 | 0 |
_aBioinformatics: _bPrinciples And Applications / _cHarshawardhan P Bal |
|
| 260 |
_bTata Mcgrawhill Publishers, _aNew Delhi: _c2005. |
||
| 300 | _a217p | ||
| 650 | _aBotany | ||
| 942 |
_cBK _2ddc _h570.285 _iBAL/B _k570.285 _mBAL/B |
||